Statistics for Most Populous Cities: Ukraine

Click here to take the quiz!

General Stats

  • This quiz has been taken 29 times
  • The average score is 18 of 50

Answer Stats

Most Populous Cities% Correct
Kharkiv
100%
Kyiv
100%
Donetsk
95%
Lviv
95%
Odesa
89%
Dnipro
74%
Luhansk
74%
Mariupol
74%
Sevastopol
74%
Kherson
68%
Sumy
47%
Ivano-Frankivsk
37%
Kryvyi Rih
37%
Rivne
37%
Simferopol
37%
Chernihiv
32%
Chernivtsi
32%
Kramatorsk
32%
Lutsk
32%
Mykolaiv
32%
Poltava
32%
Ternopil
32%
Zaporizhzhia
32%
Cherkasy
26%
Horlivka
26%
Khmelnytskyi
26%
Melitopol
26%
Zhytomyr
26%
Bila Tserkva
21%
Kamianske
21%
Kerch
21%
Kropyvnytskyi
21%
Mukachevo
21%
Uman
21%
Uzhhorod
21%
Vinnytsia
21%
Berdiansk
16%
Kremenchuk
16%
Lysychansk
16%
Makiivka
16%
Nikopol
16%
Sloviansk
16%
Alchevsk
11%
Brovary
11%
Kamianets-Podilskyi
11%
Pavlohrad
11%
Sievierodonetsk
11%
Yevpatoria
11%
Konotop
5%
Krasnyi Luch
5%

Score Distribution

Percentile by Number Answered

Percent of People with Each Score

Your Score History

You have not taken this quiz